00508 2200193 4500001002100000005001500021035002000036008004100056020001800097082001100115090001400126245002900140260003700169300003300206084001700239100002300256250001000279990002500289INLIS00000000000295420230330102512 a0010-0722002954230330 | | ind  a979-3034-00-9 a629.24 aRiy k c.21 aKiat membeli Mobil bekas aDepok :bGhalia Indonesia,c2005 aviii.,88hlm :bilus. ;c18cm a629.24 RIY k1 aRIYANTO, Anthonius acet.5 ac.2/11306/stpp/pb/09